000 00650nam a2200253Ia 4500
003 OSt
005 20221005051014.0
006 a|||||r|||| 00| 0
007 ta
008 221004b |||||||| |||| 00| 0 eng d
020 _a1579581080
024 _a29012
037 _cTextual
040 _aCRL
_cCRL
_beng
041 _2eng
_aeng
082 _aI5k, N5
100 _aRosenfeld Richard Ed
_9595591
245 0 _aEncyclopaedia of house plants
260 _aLisse
_bRebo Productions
_c1995
300 _a320p.
_ccm.
650 _aBOTANY
942 _hI5k, N5
_cTEXL
_2cc
999 _c958153
_d958153